000 00212nam a2200109Ia 4500
100 _a#N/A
942 _cBK
654 _aqualities
245 _aManaging the salesman & sales
260 _b#N/A
546 _aENGLISH
999 _c28045
_d28045